00283nam a2200121 a 4500008004100000050001500041100002200056245002500078246001500103260002600118300000800144350000900152120416s1976 ||||||||||||||||| || u aTA 403 Smi aSmith, Brian John10aConstruction science aBrian John aLondonbLongmanc1976 a2v. a0.00